| 000 | 01284cad a22002295a 4500 | ||
|---|---|---|---|
| 001 | L142568 | ||
| 008 | 080225e20071115xxkd f s f000 0 eng d | ||
| 035 | _a(Sirsi) u142568 | ||
| 041 | 0 | _aeng | |
| 110 | 1 |
_aUnited Kingdom _bDepartment for Communities and Local Government _94939 |
|
| 245 | 0 | 0 |
_aHouse building _bJuly to September quarter 2007 _h[electronic resource] |
| 260 | _c2007 | ||
| 490 | 0 |
_aDCLG News Release _v15 November 2007 |
|
| 520 | _aIn the quarter to September 2007, there were around 42 200 new house building starts in England, up by 5% compared with the same quarter in 2006, and 38 300 completions, up by 2%. Increases in northeast England, Yorkshire, the West Midlands, eastern England, southeast England and southwest England drove the recent upward trend in starts, although London and the other regions experienced a continuing decline in starts. | ||
| 590 | _aKA | ||
| 650 | 2 | 4 | _aDCLG QUARTERLY HOUSE BUILDING STATISTICS |
| 651 | 4 |
_aUnited Kingdom _y |
|
| 690 | _aPROPERTY-RESIDENTIAL PROPERTY-RESIDENTIAL PROPERTY DEVELOPMENT | ||
| 690 | _aBUILT ENVIRONMENT-CONSTRUCTION MARKET | ||
| 856 | 4 | 0 |
_uhttps://www.communities.gov.uk/publications/corporate/statistics/housebuildingQ32007 _zView the item free of charge at www.communities.gov.uk... |
| 942 | _n0 | ||
| 999 |
_c79869 _d79869 |
||